Fortnite Vaulted Items - Statistics

General Stats
  • This quiz has been taken 89 times
  • The average score is 3 of 12
Answer Stats
Hint Answer % Correct
Legendary Zapatron
65%
Common, Uncommon, Rare SMG
44%
Common, Uncommon, Rare Tactical SMG
44%
Epic and Legendary Guided Missile
32%
Rare Smoke Grenade
32%
Rare and Epic Crossbow
21%
Common Pump Shotgun
21%
Epic Tactical Shotgun
21%
Legendary Jetpack
15%
Rare Wall Dynamo
12%
Rare Ceiling Trap
11%
Rare Egg Launcher
3%
No matching quizzes found
Score Distribution
Percent of People with Each Score
Percentile by Number Answered
Your Score History
You have not taken this quiz